№ 7/8; Полимерные материалы: изделия, оборудование, технологии

Bibliographische Detailangaben
Parent link:Полимерные материалы: изделия, оборудование, технологии: специализированный журнал. № 7/8.— , 2008-
Sprache:Russisch
Veröffentlicht: 2010
Format: MixedMaterials Buch
KOHA link:https://koha.lib.tpu.ru/cgi-bin/koha/opac-detail.pl?biblionumber=427566

MARC

LEADER 00000nam2a2200000 4500
001 427566
005 20231101074655.0
035 |a (RuTPU)RU\TPU\prd\86860 
090 |a 427566 
100 |a 20100921a20069999k y0rusy50 ca 
101 0 |a rus 
102 |a RU 
200 0 |a № 7/8 
210 |d 2010 
461 1 |0 (RuTPU)RU\TPU\prd\56307  |t Полимерные материалы: изделия, оборудование, технологии  |o специализированный журнал  |v № 7/8  |d 2008- 
801 0 |a RU  |b 63413507  |c 20010227  |g PSBO 
801 1 |a RU  |b 63413507  |c 20100921 
801 2 |a RU  |b 63413507  |c 20210323  |g RCR 
942 |c BK 
999 |a НТБ_ТПУ  |b НФ  |e -1/20100108  |p П-9442  |s 1/20100329  |u 0,00  |v 1